000 01289nam a22003617a 4500
003 CHAP
005 20220329143316.0
008 080429d2006 us ad r 00110 eng d
010 _a94759
011 _a95731
020 _a0471431907
035 _a106361
040 _cCHAP
082 0 4 _a660.2815
_bS5 2006
100 1 _aSmith, Carlos A.
_9106970
245 1 0 _aPrinciples and practice of automatic process control
_c/by Carlos A. Smith and Armando B. Corripio
250 _a3 ed.
260 _aHoboken, NJ :
_bWiley,
_cc2006
300 _axvi, 563 p. :
_bilus. ; gráfs. ; tablas ; diagramas
590 _aBATCH-UPD
_b10
_c20130110
_lUCH01
_h0347
590 _aBATCH-UPD
_b10
_c20130110
_lUCH01
_h1944
590 _aBATCH-UPD
_b10
_c20130410
_lUCH01
_h0020
590 _aBATCH-UPD
_b10
_c20130914
_lUCH01
_h1039
590 _aCONVERSION
_b10
_c20130109
_lUCH01
_h1352
650 1 4 _aControl automático.
_927578
650 1 4 _aControl químico.
_927604
650 1 4 _aProcesos químicos.
_991828
700 1 _aCorripio, Armando B.
_928264
901 _aBK
942 _cLIBRO
949 _a660.2815 S5 2006
_bBC
_cLIBRO
_d33724002055314
_eLIBRO
_gI.237637
_h109496
_i106361
_sb
_t$1696.70
949 _a660.2815 S5 2006
_bBC
_cLIBRO
_d33724002055322
_eLIBRO
_fc.2
_gI.237636
_h109497
_i106361
_si
_t$1696.70
999 _c94759
_d94759